000
00274nam a22001337a 4500
008
190205b xxu||||| |||| 00| 0 eng d
020
_a
0471093165
041
_a
eng
080
_a
616.073
100
_a
6
101
_a
GJEN
245
_a
Genes
_c
Lewin, B
942
_2
udc
_c
BK
999
_c
54038
_d
54038